000 00742cam a22002413a 4500
001 13015
003 PGUSA
005 20140828083300.0
008 040724s2004||||xxu|||||s|||||000 | eng d
040 _aPGUSA
_beng
042 _adc
050 4 _aGR
100 1 _aRedesdale, Algernon Bertram Freeman-Mitford, Baron,
_d1837-1916
245 1 0 _aTales of Old Japan
_h[electronic resource] /
_cAlgernon Bertram Freeman-Mitford, Baron Redesdale
260 _bProject Gutenberg,
_c2004
506 _aPublic domain in the USA.
516 _aElectronic text
653 _aJapan -- Social life and customs
653 _aFolklore -- Japan
830 0 _aProject Gutenberg
_v13015
856 4 0 _uhttp://www.gutenberg.org/ebooks/13015
942 _cEB
999 _c242270
_d242270